世界上的国家,但按面积等级分类 - Statistics

General Stats
  • This quiz has been taken 53 times
  • The average score is 124 of 197
Answer Stats
提示 Answer % Correct
中国
100%
美国
98%
巨型国家 俄罗斯
96%
巴西
96%
加拿大
91%
超大型国家 印度
91%
哈萨克斯坦
91%
澳大利亚
87%
蒙古
84%
日本
84%
阿根廷
82%
沙特
82%
墨西哥
82%
印尼
82%
伊朗
82%
巴基斯坦
82%
智利
80%
乌克兰
78%
德国
78%
丹麦
78%
南非
76%
埃及
76%
土耳其
76%
法国
76%
泰国
76%
马来西亚
76%
英国
76%
韩国
76%
哥伦比亚
73%
中型国家 土库曼斯坦
73%
朝鲜
73%
阿尔及利亚
71%
利比亚
71%
玻利维亚
71%
索马里
71%
乌兹别克斯坦
71%
伊拉克
71%
刚果布
71%
吉尔吉斯斯坦
71%
柬埔寨
71%
苏丹
69%
秘鲁
69%
委内瑞拉
69%
瑞典
69%
西班牙
69%
巴拉圭
69%
越南
69%
新西兰
69%
乌拉圭
69%
乍得
67%
尼日尔
67%
马里
67%
埃塞俄比亚
67%
毛里塔尼亚
67%
尼日利亚
67%
缅甸
67%
挪威
67%
芬兰
67%
波兰
67%
意大利
67%
厄瓜多尔
67%
孟加拉国
67%
梵蒂冈
67%
纳米比亚
64%
南苏丹
64%
摩洛哥
64%
菲律宾
64%
罗马尼亚
64%
老挝
64%
白俄罗斯
64%
叙利亚
64%
尼泊尔
64%
洪都拉斯
64%
古巴
64%
阿塞拜疆
64%
奥地利
64%
巴拿马
64%
格鲁吉亚
64%
斯里兰卡
64%
拉脱维亚
64%
超小型国家 斯洛伐克
64%
以色列
64%
东帝汶
64%
新加坡
64%
马尔代夫
64%
摩纳哥
64%
刚果金
62%
赞比亚
62%
阿富汗
62%
博茨瓦纳
62%
巴新
62%
几内亚
62%
圭亚那
62%
苏里南
62%
希腊
62%
小型国家 阿联酋
62%
葡萄牙
62%
立陶宛
62%
哥斯达黎加
62%
爱沙尼亚
62%
瑞士
62%
不丹
62%
几内亚比绍
62%
比利时
62%
赤几
62%
海地
62%
北马
62%
斯洛文尼亚
62%
科威特
62%
巴勒斯坦
62%
安哥拉
60%
大型国家 坦桑尼亚
60%
莫桑比克
60%
津巴布韦
60%
加蓬
60%
保加利亚
60%
克罗地亚
60%
捷克
60%
爱尔兰
60%
波黑
60%
荷兰
60%
亚美尼亚
60%
阿尔巴尼亚
60%
吉布提
60%
斐济
60%
黑山
60%
微型国家 塞浦路斯
60%
文莱
60%
汤加
60%
安道尔
60%
列支敦士登
60%
圣马力诺
60%
中非
58%
也门
58%
阿曼
58%
塞内加尔
58%
塔吉克斯坦
58%
冰岛
58%
匈牙利
58%
塞尔维亚
58%
伯利兹
58%
萨尔瓦多
58%
冈比亚
58%
卢森堡
58%
瑙鲁
58%
肯尼亚
56%
喀麦隆
56%
约旦
56%
多哥
56%
多米尼加
56%
摩尔多瓦
56%
布隆迪
56%
斯威士兰
56%
卡塔尔
56%
黎巴嫩
56%
萨摩亚
56%
巴林
56%
马耳他
56%
马达加斯加
53%
科特迪瓦
53%
布基纳法索
53%
乌干达
53%
突尼斯
53%
尼加拉瓜
53%
厄立特里亚
53%
马拉维
53%
贝宁
53%
危地马拉
53%
塞拉利昂
53%
莱索托
53%
卢旺达
53%
牙买加
53%
毛里求斯
53%
塞舌尔
53%
马绍尔群岛
53%
加纳
51%
利比里亚
51%
所罗门群岛
51%
巴哈马
51%
佛得角
51%
多米尼克
51%
圣卢西亚
51%
基里巴斯
49%
巴巴多斯
49%
格林纳达
49%
图瓦卢
49%
科摩罗
47%
密克罗尼西亚
47%
特立尼达和多巴哥
44%
安提瓜和巴布达
44%
圣多美
42%
帕劳
42%
圣基茨和尼维斯
42%
瓦努阿图
40%
圣文森特和格林纳丁斯
38%
纽埃
38%
库克群岛
31%
No matching quizzes found
Score Distribution
Percent of People with Each Score
Percentile by Number Answered
Your Score History
You have not taken this quiz